[Event "First Saturday IM Nov 2013"]
[Site "Budapest"]
[Date "2013.11.11"]
[Round "9.4"]
[White "Kozlitin, Oleg"]
[Black "Balint, Vilmos"]
[Result "1/2-1/2"]
[WhiteElo "2314"]
[BlackElo "2232"]
[PlyCount "124"]
[EventDate "2013.11.02"]

1. e4 e5 2. Nf3 Nc6 3. Bb5 Nf6 4. O-O Nxe4 5. d4 Nd6 6. Bxc6 dxc6 7. dxe5 Nf5
8. Qxd8+ Kxd8 9. Nc3 h6 10. b3 Be7 11. Bb2 Bd7 12. Rad1 Kc8 13. h3 Rd8 14. g4
Nh4 15. Nxh4 Bxh4 16. Ne4 b6 17. e6 Bxe6 18. Bxg7 Rg8 19. Bf6 Bxg4 20. Rd8+
Rxd8 21. Bxd8 Kxd8 22. hxg4 Kd7 23. Kg2 Re8 24. Rd1+ Kc8 25. Kf3 Re6 26. Kf4
Be7 27. Kf5 Bd6 28. f4 Kd7 29. c4 Ke7 30. c5 Bxc5 31. Nxc5 bxc5 32. Rc1 Rd6 33.
Ke4 Rd4+ 34. Ke3 Rd5 35. Rh1 c4 36. bxc4 Rd6 37. Rh5 Re6+ 38. Kf3 c5 39. Rxc5
Ra6 40. Rxc7+ Kf6 41. Ke4 Rxa2 42. Rc6+ Kg7 43. Rd6 a5 44. Rd3 a4 45. Rc3 a3
46. Kf5 Ra1 47. c5 a2 48. Rc2 Rd1 49. Rxa2 Rd5+ 50. Ke4 Rxc5 51. Ra4 Rc1 52.
Ra5 Re1+ 53. Kf5 Rb1 54. Ra3 Rb5+ 55. Ke4 Rb4+ 56. Kf3 Rb1 57. Rd3 Rf1+ 58. Ke4
Rg1 59. Kf3 Rf1+ 60. Kg3 Rg1+ 61. Kh4 Rh1+ 62. Rh3 Rg1 1/2-1/2

[Event "First Saturday IM Nov 2013"]
[Site "Budapest"]
[Date "2013.11.11"]
[Round "9.5"]
[White "Kozak, Adam"]
[Black "Matsenko, Andrei"]
[Result "1/2-1/2"]
[WhiteElo "2163"]
[BlackElo "2269"]
[PlyCount "77"]
[EventDate "2013.11.02"]

1. d4 d5 2. c4 c6 3. Nf3 Nf6 4. Nc3 e6 5. Bg5 h6 6. Bh4 Be7 7. e3 O-O 8. Bg3
Nbd7 9. cxd5 exd5 10. Bd3 Re8 11. Qc2 Bb4 12. O-O Nf8 13. Ne5 Nh5 14. Ne2 Nxg3
15. Nxg3 Bd6 16. Nf3 g6 17. Rab1 Qe7 18. Rfc1 Kh7 19. Qc3 a5 20. Qc2 f5 21. a3
h5 22. Ne2 Nd7 23. Nf4 Nf6 24. Nh4 Rg8 25. Nfxg6 Rxg6 26. Bxf5 Bxf5 27. Qxf5
Rag8 28. Nxg6 Rxg6 29. g3 Kh6 30. Rc2 Rg5 31. Qf3 Qe6 32. b4 Rf5 33. Qg2 axb4
34. axb4 Qe4 35. Rcb2 Qd3 36. Qf1 Qc3 37. Qc1 Ne4 38. Rc2 Qd3 39. Qd1 1/2-1/2

[Event "First Saturday IM Nov 2013"]
[Site "Budapest"]
[Date "2013.11.11"]
[Round "9.6"]
[White "Nguyen, Thi Mai Hung"]
[Black "Kantor, Gergely"]
[Result "1-0"]
[WhiteElo "2204"]
[BlackElo "2322"]
[PlyCount "105"]
[EventDate "2013.11.02"]

1. d4 d5 2. Bf4 c5 3. e3 Nc6 4. c3 Bf5 5. Qb3 Qd7 6. Nf3 c4 7. Qb5 Ne5 8. Qxd7+
Nxd7 9. Nbd2 e6 10. Nh4 b5 11. Nxf5 exf5 12. f3 Ngf6 13. h3 h5 14. Be2 Be7 15.
Kf2 O-O 16. Bd1 Nb6 17. Bc2 g6 18. e4 fxe4 19. fxe4 dxe4 20. Nxe4 Nbd5 21. Bd2
Nxe4+ 22. Bxe4 Rad8 23. Rhe1 Bf6 24. Bf3 Rd7 25. Re2 Rb8 26. Rae1 Rdd8 27. Bxd5
Rxd5 28. Re8+ Rxe8 29. Rxe8+ Kg7 30. Ra8 Rd7 31. Rb8 Rd5 32. b3 cxb3 33. axb3
a5 34. Be3 Bg5 35. c4 bxc4 36. bxc4 Rf5+ 37. Ke2 Bxe3 38. Kxe3 Kf6 39. Rb6+ Ke7
40. Ra6 Rg5 41. Kf3 h4 42. c5 Rg3+ 43. Ke4 Rxg2 44. Ra7+ Kf6 45. c6 Rc2 46. Kd5
g5 47. Rxa5 g4 48. hxg4 h3 49. Kd6 h2 50. Rh5 Kg6 51. c7 f5 52. Rxh2 Rxh2 53.
c8=Q 1-0

[Event "First Saturday IM Nov 2013"]
[Site "Budapest"]
[Date "2013.11.12"]
[Round "10.2"]
[White "Matsenko, Andrei"]
[Black "Nguyen, Thi Mai Hung"]
[Result "1/2-1/2"]
[WhiteElo "2269"]
[BlackElo "2204"]
[PlyCount "256"]
[EventDate "2013.11.02"]

1. e4 c5 2. Nf3 Nc6 3. d4 cxd4 4. Nxd4 g6 5. c4 Nf6 6. Nc3 Nxd4 7. Qxd4 d6 8.
Be2 Bg7 9. Be3 O-O 10. Qd2 Be6 11. O-O Qa5 12. Rfc1 Rfc8 13. b3 a6 14. Rab1 Nd7
15. b4 Qd8 16. Nd5 Bxd5 17. exd5 Rc7 18. f4 Rac8 19. Qd3 Qe8 20. Bf3 e5 21.
dxe6 Qxe6 22. Bd5 Qg4 23. Re1 Nf6 24. Bf3 Qe6 25. Bc5 Qd7 26. Qxd6 a5 27. Re7
Qxd6 28. Bxd6 Rxc4 29. bxa5 Bf8 30. Bxb7 Rd8 31. Rc7 Ra4 32. Bxf8 Kxf8 33. a6
Rxa2 34. Rcc1 Rd3 35. Ra1 Rda3 36. Rc8+ Kg7 37. Rxa2 Rxa2 38. Rc7 Ra1+ 39. Kf2
Ne8 40. Rc6 Nf6 41. Ke3 Ra4 42. Kd3 Nd7 43. Kc3 Nb8 44. Kb3 Ra1 45. Rd6 f6 46.
Kc4 Kf7 47. Kb5 Ke7 48. Rd4 Ra2 49. g3 Nxa6 50. Bxa6 Rxh2 51. Kc5 Rh3 52. Rd3
h5 53. Re3+ Kf8 54. Bf1 Rh1 55. Rf3 f5 56. Kd6 h4 57. Ke5 Kg7 58. gxh4 Rxh4 59.
Ra3 Rh8 60. Bc4 Re8+ 61. Be6 Rb8 62. Rc3 Rb4 63. Bd5 Rb8 64. Rc7+ Kh6 65. Kf6
Rb6+ 66. Rc6 Rb4 67. Rc4 Rb6+ 68. Be6 Kh5 69. Rc1 Rb4 70. Bc4 Ra4 71. Ke5 Kh6
72. Rh1+ Kg7 73. Bd5 Rb4 74. Rh3 Rb2 75. Rb3 Re2+ 76. Kd4 Re7 77. Rb6 Re8 78.
Be6 Ra8 79. Rc6 Ra4+ 80. Bc4 Ra1 81. Rc7+ Kh6 82. Ke5 Re1+ 83. Kf6 Re4 84. Bf7
Rb4 85. Rc1 Rb6+ 86. Be6 Kh5 87. Rg1 Rb4 88. Rxg6 Rxf4 89. Bxf5 Kh4 90. Rg1 Rb4
91. Rg8 Ra4 92. Be6 Rb4 93. Bf5 Ra4 94. Ke5 Kh5 95. Be4 Kh6 96. Rg6+ Kh5 97.
Rg1 Ra5+ 98. Kf4 Kh6 99. Rg6+ Kh5 100. Re6 Ra4 101. Re7 Ra6 102. Rh7+ Rh6 103.
Rg7 Ra6 104. Rb7 Rf6+ 105. Bf5 Ra6 106. Rh7+ Rh6 107. Bg4+ Kg6 108. Ra7 Rh1
109. Ra6+ Kf7 110. Bf5 Rg1 111. Be4 Rf1+ 112. Ke5 Kg7 113. Rg6+ Kf7 114. Rh6
Ke7 115. Rh2 Rf8 116. Bf5 Rf6 117. Ra2 Rc6 118. Ra7+ Kd8 119. Be6 Rc7 120. Ra1
Ke7 121. Rh1 Rc5+ 122. Bd5 Rc2 123. Rh7+ Kf8 124. Rf7+ Ke8 125. Kd6 Rc1 126.
Rg7 Rf1 127. Rg4 Rf2 128. Re4+ Kf8 1/2-1/2

[Event "First Saturday IM Nov 2013"]
[Site "Budapest"]
[Date "2013.11.12"]
[Round "10.3"]
[White "Balint, Vilmos"]
[Black "Kozak, Adam"]
[Result "0-1"]
[WhiteElo "2232"]
[BlackElo "2163"]
[PlyCount "60"]
[EventDate "2013.11.02"]

1. e4 e5 2. f4 Bc5 3. Nf3 Nc6 4. Bc4 Nf6 5. Qe2 d6 6. fxe5 Nxe5 7. Nxe5 dxe5 8.
Bxf7+ Ke7 9. Bh5 Nxh5 10. Qxh5 Qd4 11. Qh4+ Ke8 12. Nc3 Rf8 13. Ne2 Qc4 14.
Qh5+ Kd8 15. d4 exd4 16. Bg5+ Kd7 17. O-O-O Qxa2 18. Nc3 Qa1+ 19. Nb1 Kc6 20.
Qxh7 Be6 21. Qg6 Rae8 22. Rhf1 Rg8 23. Rf7 Bd6 24. Re7 Rxe7 25. Bxe7 Bf4+ 26.
Rd2 Bxd2+ 27. Kxd2 Kd7 28. Qg5 Qxb1 29. Bb4 Kc8 30. Qe7 Bg4 0-1

[Event "First Saturday IM Nov 2013"]
[Site "Budapest"]
[Date "2013.11.12"]
[Round "10.4"]
[White "To, Nhat Minh"]
[Black "Kozlitin, Oleg"]
[Result "1-0"]
[WhiteElo "2334"]
[BlackElo "2314"]
[PlyCount "63"]
[EventDate "2013.11.02"]

1. e4 c5 2. Nf3 d6 3. Bb5+ Nd7 4. d4 Ngf6 5. O-O a6 6. Bxd7+ Nxd7 7. Nc3 e6 8.
Bg5 Be7 9. Bxe7 Qxe7 10. dxc5 Nxc5 11. b4 Nd7 12. Qd4 O-O 13. Rfd1 Ne5 14. Qxd6
Nxf3+ 15. gxf3 Qxd6 16. Rxd6 e5 17. Nd5 b5 18. a4 Bh3 19. f4 f5 20. Ra3 Bg4 21.
f3 Bh5 22. axb5 axb5 23. Rxa8 Rxa8 24. fxe5 fxe4 25. fxe4 Kf8 26. Kf2 Rc8 27.
c3 g5 28. e6 Bg6 29. e7+ Ke8 30. Re6 Kf7 31. Nc7 Re8 32. Rxg6 1-0

[Event "First Saturday IM Nov 2013"]
[Site "Budapest"]
[Date "2013.11.12"]
[Round "10.5"]
[White "Golubov, Saveliy"]
[Black "Kislik, Erik Andrew"]
[Result "1/2-1/2"]
[WhiteElo "2282"]
[BlackElo "2376"]
[PlyCount "130"]
[EventDate "2013.11.02"]

1. e4 e5 2. Nf3 Nc6 3. Bc4 Bc5 4. O-O Nf6 5. d3 O-O 6. h3 h6 7. Re1 d6 8. c3 a6
9. Bb3 Ba7 10. Nbd2 Be6 11. Bc2 Ne7 12. Nf1 Ng6 13. Ng3 c6 14. d4 Qc7 15. Be3
Rfe8 16. Qd2 Rad8 17. b3 d5 18. exd5 exd4 19. Bxd4 Bxd4 20. Nxd4 Bxd5 21. Rxe8+
Rxe8 22. c4 Be4 23. Nxe4 Nxe4 24. Bxe4 Rxe4 25. Nf3 Ne5 26. Ne1 c5 27. Nc2 Nc6
28. Re1 Qe5 29. Rxe4 Qxe4 30. f3 Qe5 31. Qd3 g6 32. a3 Kg7 33. Kf1 Qb2 34. Ke1
Qb1+ 35. Kd2 Qg1 36. Qe2 Qb1 37. Qe3 Qf1 38. Ne1 b6 39. Qc3+ Kg8 40. Qe3 Kg7
41. Qc3+ Nd4 42. Qe3 Nf5 43. Qe5+ Kh7 44. g4 Qf2+ 45. Kd3 Qf1+ 46. Kd2 Nd4 47.
Qe3 a5 48. a4 Qxh3 49. Qf4 Kg8 50. Qb8+ Kh7 51. Qf4 Kg7 52. Qe5+ Kf8 53. Qb8+
Ke7 54. Qc7+ Kf6 55. Qf4+ Ke6 56. Qe4+ Kd6 57. Qf4+ Kc6 58. Qe4+ Kd7 59. Qb7+
Ke8 60. Qc8+ Ke7 61. Qc7+ Kf6 62. Qf4+ Kg7 63. Qe5+ Kh7 64. Qf4 Kg8 65. Qb8+
Kg7 1/2-1/2

[Event "First Saturday IM Nov 2013"]
[Site "Budapest"]
[Date "2013.11.13"]
[Round "11.2"]
[White "Kislik, Erik Andrew"]
[Black "Lyell, Mark"]
[Result "1-0"]
[WhiteElo "2376"]
[BlackElo "2274"]
[PlyCount "79"]
[EventDate "2013.11.02"]

1. d4 f5 2. g3 Nf6 3. Bg2 g6 4. c4 Bg7 5. Nf3 O-O 6. O-O d6 7. Nc3 e6 8. Qb3
Nc6 9. Rd1 Ne4 10. Be3 Nxc3 11. Qxc3 Qe8 12. Qb3 e5 13. c5+ Kh8 14. cxd6 f4 15.
gxf4 exf4 16. Bd2 cxd6 17. Bc3 Qe7 18. d5 Ne5 19. Rac1 Bg4 20. Nxe5 dxe5 21. f3
Bf5 22. Bb4 Qg5 23. Bxf8 Bh3 24. Bxg7+ Kxg7 25. Kf2 Qxg2+ 26. Ke1 Re8 27. Rc7+
Kh6 28. Qc3 e4 29. Qf6 Qg1+ 30. Kd2 Qe3+ 31. Kc2 Qxe2+ 32. Rd2 Qxf3 33. Qh4+
Qh5 34. Qxf4+ g5 35. Qf6+ Qg6 36. Qxg6+ Kxg6 37. Rxb7 e3 38. Re2 Bg4 39. Re1
Bf3 40. Rb3 1-0

[Event "First Saturday IM Nov 2013"]
[Site "Budapest"]
[Date "2013.11.13"]
[Round "11.3"]
[White "Kozlitin, Oleg"]
[Black "Golubov, Saveliy"]
[Result "0-1"]
[WhiteElo "2314"]
[BlackElo "2282"]
[PlyCount "72"]
[EventDate "2013.11.02"]

1. e4 e6 2. d4 d5 3. Nc3 Bb4 4. e5 c5 5. a3 Bxc3+ 6. bxc3 Ne7 7. h4 h6 8. Nf3
Qc7 9. Bd3 b6 10. dxc5 bxc5 11. c4 O-O 12. Bf4 Ba6 13. Qe2 Nd7 14. O-O dxc4 15.
Bxc4 Bxc4 16. Qxc4 Nd5 17. Bg3 Qa5 18. Qd3 Rfd8 19. c4 Ne7 20. Qe4 Nb6 21. Bf4
Nf5 22. Qe1 Qa4 23. Be3 Rac8 24. Nd2 Qc2 25. Rc1 Qd3 26. Nf3 Nxc4 27. Rc3 Qd5
28. Bc1 Nd4 29. Bf4 Nb5 30. Rc1 Ncxa3 31. Qe3 c4 32. Rfd1 Qc6 33. Bxh6 Rxd1+
34. Rxd1 gxh6 35. Qxh6 Qe4 36. h5 Qf5 0-1

[Event "First Saturday IM Nov 2013"]
[Site "Budapest"]
[Date "2013.11.13"]
[Round "11.4"]
[White "Kozak, Adam"]
[Black "To, Nhat Minh"]
[Result "0-1"]
[WhiteElo "2163"]
[BlackElo "2334"]
[PlyCount "96"]
[EventDate "2013.11.02"]

1. d4 Nf6 2. c4 c5 3. d5 b5 4. cxb5 a6 5. bxa6 g6 6. Nc3 Bxa6 7. e4 Bxf1 8.
Kxf1 d6 9. Nf3 Bg7 10. g3 O-O 11. Kg2 Nbd7 12. h3 Ra6 13. Re1 Nb6 14. Qd3 Qa8
15. Bg5 h6 16. Bxf6 Bxf6 17. Re2 Na4 18. Nxa4 Rxa4 19. a3 Rb8 20. Rb1 Ra6 21.
Qc2 Rab6 22. Qc1 Bg7 23. Rc2 f5 24. Qf4 Rf8 25. Re2 Rb3 26. Ne1 g5 27. Qd2 fxe4
28. Rxe4 Bd4 29. Rxd4 cxd4 30. Qxd4 Rf5 31. Rd1 Rb5 32. Qe4 Qf8 33. Rd2 Qf7 34.
Nf3 Rbxd5 35. Re2 e5 36. b4 Rb5 37. a4 Rb8 38. Nd2 d5 39. Qb1 Rf8 40. Qe1 Qa7
41. a5 e4 42. Nf1 d4 43. Qb1 e3 44. Qa2+ Qf7 45. Qxf7+ R5xf7 46. f4 gxf4 47.
gxf4 Rxf4 48. Ng3 Rf2+ 0-1

[Event "First Saturday IM Nov 2013"]
[Site "Budapest"]
[Date "2013.11.13"]
[Round "11.5"]
[White "Nguyen, Thi Mai Hung"]
[Black "Balint, Vilmos"]
[Result "1-0"]
[WhiteElo "2204"]
[BlackElo "2232"]
[PlyCount "53"]
[EventDate "2013.11.02"]

1. d4 Nf6 2. Nf3 g6 3. Bg5 d5 4. e3 Bg7 5. Nbd2 O-O 6. Bd3 c5 7. c3 b6 8. O-O
Ba6 9. Bxa6 Nxa6 10. Qe2 Nc7 11. Rad1 Qc8 12. e4 dxe4 13. Nxe4 Ne6 14. Nxf6+
exf6 15. Be3 Re8 16. d5 Nf4 17. Qc4 Nh5 18. Rfe1 f5 19. Bc1 Rxe1+ 20. Rxe1 Nf6
21. Ne5 Qb7 22. Nc6 Ne4 23. a4 a6 24. f3 b5 25. Qf1 Nf6 26. Re7 Qb6 27. a5 1-0

[Event "First Saturday IM Nov 2013"]
[Site "Budapest"]
[Date "2013.11.13"]
[Round "11.6"]
[White "Kantor, Gergely"]
[Black "Matsenko, Andrei"]
[Result "1-0"]
[WhiteElo "2322"]
[BlackElo "2269"]
[PlyCount "65"]
[EventDate "2013.11.02"]

1. d4 d5 2. c4 c6 3. Nf3 Nf6 4. e3 e6 5. b3 Nbd7 6. Bb2 Bd6 7. Bd3 O-O 8. Nbd2
Qe7 9. Ne5 c5 10. O-O Rd8 11. f4 Nf8 12. Qf3 cxd4 13. exd4 Bb4 14. Rad1 Ne8 15.
Rfe1 Qc7 16. a3 Bd6 17. Rc1 f6 18. cxd5 Qb8 19. dxe6 fxe5 20. fxe5 Bxe6 21.
exd6 Qxd6 22. Ne4 Qb6 23. Nc5 Bd5 24. Qg3 Qh6 25. Re5 Nf6 26. Rf1 Nh5 27. Qh4
Qd2 28. Re2 Qh6 29. Bc1 Ng6 30. Qf2 Nhf4 31. Bxf4 Qh5 32. Bxg6 Qxg6 33. Qg3 1-0